[Event "MCR_EM_CF11"]
[Site "?"]
[Date "2004.??.??"]
[Round "?"]
[White "Majstr, Jiri"]
[Black "Trs, Jan"]
[Result "1/2-1/2"]
[WhiteElo "2006"]
[BlackElo "2145"]
[PlyCount "112"]
[EventDate "2004.??.??"]
[EventType "corr"]
[EventRounds "2"]
[SourceDate "2005.03.12"]

1. e4 c6 2. d4 d5 3. e5 Bf5 4. Bd3 Bxd3 5. Qxd3 e6 6. Nf3 Qa5+ 7. Nbd2 Qa6 8.
c4 Nd7 9. O-O Be7 10. b3 Nh6 11. a4 Nf5 12. Ba3 Bxa3 13. Rxa3 O-O 14. Ng5 Qb6
15. Ndf3 Qb4 16. Ra2 h6 17. g4 hxg5 18. gxf5 Qe7 19. h3 Rae8 20. Re2 dxc4 21.
bxc4 exf5 22. Qxf5 f6 23. Qg6 Nb6 24. Nd2 fxe5 25. Rxe5 Qf6 26. Qxe8 Rxe8 27.
Rxe8+ Kh7 28. a5 Nd7 29. Re4 Qf5 30. a6 bxa6 31. Rfe1 Nf6 32. Re5 Qxh3 33. Ne4
Qg4+ 34. Kf1 Nxe4 35. R1xe4 Qf3 36. d5 g4 37. Re3 Qh1+ 38. Ke2 Qc1 39. R3e4
cxd5 40. cxd5 Qc2+ 41. Kf1 Qd1+ 42. Re1 Qd3+ 43. Kg1 g3 44. R1e3 Qd1+ 45. Kg2
gxf2 46. Kxf2 a5 47. Rh3+ Kg8 48. Rhe3 a4 49. Re8+ Kh7 50. Rh3+ Kg6 51. Re6+
Kg5 52. Rhe3 Kh5 53. Rh3+ Kg4 54. Ra3 Qd4+ 55. Ree3 Kh5 56. Rad3 Qf4+ 1/2-1/2

[Event "MCR_EM_CF11"]
[Site "?"]
[Date "2004.??.??"]
[Round "?"]
[White "Omamik, Pavel"]
[Black "Glembek, Bohumir"]
[Result "1-0"]
[WhiteElo "2000"]
[BlackElo "2132"]
[PlyCount "115"]
[EventDate "2004.??.??"]
[EventType "corr"]
[EventRounds "2"]
[SourceDate "2005.03.12"]

1. e4 Nf6 2. e5 Nd5 3. d4 d6 4. c4 Nb6 5. exd6 exd6 6. Nc3 Be7 7. Bd3 Bf6 8.
Qe2+ Qe7 9. Qxe7+ Bxe7 10. Nge2 Nc6 11. b3 O-O 12. a3 Re8 13. O-O a5 14. Be3
Bd8 15. Rfe1 a4 16. c5 dxc5 17. dxc5 Ne5 18. Be4 Nbd7 19. b4 c6 20. Bd4 Nf8 21.
Bc2 Nc4 22. Bxa4 Bc7 23. b5 Nb2 24. Bc2 Ne6 25. Ne4 Nc4 26. bxc6 bxc6 27. a4
Ba6 28. Bc3 f5 29. Nd6 Bxd6 30. cxd6 Nxd6 31. Nd4 Nxd4 32. Bxd4 Kf7 33. a5
Rxe1+ 34. Rxe1 g6 35. Bc5 Nc4 36. Re7+ Kf6 37. Rxh7 Nxa5 38. Bd4+ Ke6 39. Rg7
Nc4 40. Rxg6+ Kd5 41. Bc3 Nd6 42. Bb3+ Kc5 43. h4 Be2 44. Re6 Ne4 45. Bg7 Ra7
46. Bf8+ Kd4 47. Rxc6 Rb7 48. Bg8 f4 49. f3 Bb5 50. Rg6 Ng3 51. Rg4 Ke3 52. Rg7
Rxg7 53. Bxg7 Be8 54. Be6 Bg6 55. Kh2 Kd3 56. Kh3 Bh5 57. Be5 Ke3 58. Bc7 1-0

[Event "MCR_EM_CF11"]
[Site "?"]
[Date "2004.??.??"]
[Round "?"]
[White "Omamik, Pavel"]
[Black "Hlavacek, Ladislav"]
[Result "1-0"]
[WhiteElo "2000"]
[BlackElo "2045"]
[PlyCount "43"]
[EventDate "2004.??.??"]
[EventType "corr"]
[EventRounds "2"]
[SourceDate "2005.03.12"]

1. e4 c5 2. Nf3 Nc6 3. d4 cxd4 4. Nxd4 d5 5. exd5 Qxd5 6. Be3 Nf6 7. Nc3 Qa5 8.
Bb5 Qc7 9. Qf3 Bd7 10. O-O-O e6 11. Nxc6 Bxc6 12. Rd3 Rc8 13. Bxc6+ bxc6 14.
Rhd1 Be7 15. Bf4 Qb6 16. Be5 O-O 17. Qg3 Rfd8 18. Ne4 Nh5 19. Qf3 Rd5 20. Qxh5
g6 21. Qxh7+ Kxh7 22. Rh3+ 1-0

[Event "MCR_EM_CF11"]
[Site "?"]
[Date "2004.??.??"]
[Round "?"]
[White "Omamik, Pavel"]
[Black "Hrubcik, Martin"]
[Result "0-1"]
[WhiteElo "2000"]
[BlackElo "2050"]
[PlyCount "124"]
[EventDate "2004.??.??"]
[EventType "corr"]
[EventRounds "2"]
[SourceDate "2005.03.12"]

1. e4 c6 2. c4 d5 3. exd5 Nf6 4. Nc3 cxd5 5. d4 e6 6. Nf3 Bb4 7. cxd5 Nxd5 8.
Bd2 Nc6 9. Bd3 O-O 10. O-O Be7 11. a3 Bf6 12. Qc2 h6 13. Be3 Nce7 14. Bh7+ Kh8
15. Be4 Bd7 16. Bxd5 exd5 17. Qd2 Ng6 18. h3 Be6 19. Nh2 Rc8 20. f4 Nh4 21. g4
Rc4 22. Rae1 Bc8 23. Bf2 b6 24. Kh1 Kg8 25. Rg1 Be7 26. Re3 a6 27. Bxh4 Bxh4
28. Nf3 Be7 29. Qe2 Bd6 30. Nxd5 b5 31. Ne7+ Bxe7 32. Rxe7 Bd7 33. Kh2 Bc6 34.
Rf1 Bxf3 35. Rxf3 Rxd4 36. Rf2 b4 37. axb4 Rxb4 38. Re4 Rxe4 39. Qxe4 Re8 40.
Qc4 Qd6 41. Kg2 Rb8 42. Qe4 Qf6 43. b4 Qd6 44. Rc2 Qd7 45. Re2 Qb5 46. f5 Qa4
47. Re3 Qd7 48. Rd3 Qb5 49. Re3 Kh7 50. Kg3 Qxb4 51. Qxb4 Rxb4 52. Re7 Rb3+ 53.
Kh2 f6 54. Ra7 Ra3 55. h4 h5 56. gxh5 Kh6 57. Kg2 a5 58. Kf2 a4 59. Ke2 Kxh5
60. Rxg7 Rh3 61. Kd1 a3 62. Kc2 Rf3 0-1

[Event "MCR_EM_CF11"]
[Site "?"]
[Date "2004.??.??"]
[Round "?"]
[White "Omamik, Pavel"]
[Black "Majstr, Jiri"]
[Result "1-0"]
[WhiteElo "2000"]
[BlackElo "2006"]
[PlyCount "87"]
[EventDate "2004.??.??"]
[EventType "corr"]
[EventRounds "2"]
[SourceDate "2005.03.12"]

1. e4 e6 2. d4 d5 3. Nc3 Bb4 4. e5 c5 5. a3 Bxc3+ 6. bxc3 Ne7 7. Qg4 Ng6 8. h4
h5 9. Qg3 Nc6 10. Bd3 Nce7 11. Ne2 Qa5 12. dxc5 Qxc5 13. Rb1 b6 14. O-O Qc7 15.
f4 Nf5 16. Bxf5 exf5 17. Nd4 Qe7 18. Nb5 O-O 19. a4 Rd8 20. Ba3 Qd7 21. Rfe1
Qc6 22. Rb4 Be6 23. Re3 Qd7 24. Qf3 Qe7 25. g3 Qd7 26. Qxh5 Rab8 27. Nd4 Rbc8
28. Nf3 Nf8 29. Ng5 Re8 30. Rb1 f6 31. Nxe6 Qxe6 32. Rbe1 Rc4 33. exf6 Re4 34.
fxg7 Nh7 35. Rxe4 dxe4 36. Bd6 Qf7 37. Qxf7+ Kxf7 38. Be5 Nf6 39. Rd1 Ng4 40.
Rd7+ Kg8 41. h5 Nxe5 42. fxe5 Rxe5 43. h6 Re8 44. Rxa7 1-0

[Event "MCR_EM_CF11"]
[Site "?"]
[Date "2004.??.??"]
[Round "?"]
[White "Omamik, Pavel"]
[Black "Stastny, Pavel"]
[Result "1-0"]
[WhiteElo "2000"]
[BlackElo "2000"]
[PlyCount "35"]
[EventDate "2004.??.??"]
[EventType "corr"]
[EventRounds "2"]
[SourceDate "2005.03.12"]

1. e4 c5 2. Nf3 d6 3. d4 cxd4 4. Nxd4 Nf6 5. Nc3 a6 6. Be2 e5 7. Nb3 Be7 8. O-O
O-O 9. Kh1 Nc6 10. f4 b5 11. Bf3 Bb7 12. a3 Rc8 13. f5 Na5 14. g4 Rxc3 15. bxc3
Nxe4 16. Nxa5 Qxa5 17. Bb2 Nxc3 18. Bxc3 1-0

[Event "MCR_EM_CF11"]
[Site "?"]
[Date "2004.??.??"]
[Round "?"]
[White "Omamik, Pavel"]
[Black "Tkac, Leopold"]
[Result "1/2-1/2"]
[WhiteElo "2000"]
[BlackElo "2093"]
[PlyCount "49"]
[EventDate "2004.??.??"]
[EventType "corr"]
[EventRounds "2"]
[SourceDate "2005.03.12"]

1. e4 e5 2. Nf3 Nc6 3. Bb5 a6 4. Ba4 Nf6 5. O-O Be7 6. Re1 b5 7. Bb3 O-O 8. a4
Bb7 9. d3 d6 10. Nc3 Na5 11. Ba2 b4 12. Ne2 c5 13. Ng3 Bc8 14. c3 Rb8 15. d4 b3
16. Bb1 Qc7 17. d5 c4 18. h3 Nd7 19. Nf5 Bf6 20. Ng5 Nb6 21. Nxh7 Kxh7 22. Qh5+
Kg8 23. Nh6+ gxh6 24. Bxh6 Bg7 25. Bxg7 1/2-1/2

[Event "MCR_EM_CF11"]
[Site "?"]
[Date "2004.??.??"]
[Round "?"]
[White "Omamik, Pavel"]
[Black "Trs, Jan"]
[Result "0-1"]
[WhiteElo "2000"]
[BlackElo "2145"]
[PlyCount "62"]
[EventDate "2004.??.??"]
[EventType "corr"]
[EventRounds "2"]
[SourceDate "2005.03.12"]

1. e4 d6 2. d4 Nf6 3. Nc3 g6 4. Be3 Bg7 5. Qd2 c6 6. h3 O-O 7. Nf3 Nbd7 8. Bh6
e5 9. Bxg7 Kxg7 10. O-O-O Qe7 11. Bd3 b5 12. Qg5 h6 13. Qg3 b4 14. Ne2 c5 15.
dxe5 Nxe5 16. Nxe5 dxe5 17. Qe3 Rd8 18. g4 Be6 19. g5 hxg5 20. b3 Nh5 21. Rdg1
Nf4 22. h4 c4 23. bxc4 Nxe2+ 24. Qxe2 gxh4 25. Qh5 Qf6 26. Qxh4 Qxh4 27. Rxh4
Rac8 28. Rg5 Kf6 29. f4 exf4 30. Rb5 g5 31. Rh5 g4 0-1

[Event "MCR_EM_CF11"]
[Site "?"]
[Date "2004.??.??"]
[Round "?"]
[White "Stastny, Pavel"]
[Black "Hlavacek, Ladislav"]
[Result "1/2-1/2"]
[WhiteElo "2000"]
[BlackElo "2045"]
[PlyCount "56"]
[EventDate "2004.??.??"]
[EventType "corr"]
[EventRounds "2"]
[SourceDate "2005.03.12"]

1. e4 c5 2. Nf3 d6 3. d4 cxd4 4. Nxd4 Nf6 5. Nc3 g6 6. Be3 Bg7 7. f3 O-O 8. Qd2
Nc6 9. O-O-O Nxd4 10. Bxd4 Be6 11. Kb1 Qc7 12. g4 Rfc8 13. h4 Qa5 14. a3 h5 15.
Qg5 b6 16. Qxa5 bxa5 17. g5 Nd7 18. Ba6 Rd8 19. Be2 Rdc8 20. Bxg7 Kxg7 21. Nd5
Kf8 22. Ba6 Rc5 23. f4 Rb8 24. Ne3 Rc6 25. Bd3 Rcb6 26. b3 Rc6 27. Ka1 Nc5 28.
Rh2 Rcb6 1/2-1/2

[Event "MCR_EM_CF11"]
[Site "?"]
[Date "2004.??.??"]
[Round "?"]
[White "Stastny, Pavel"]
[Black "Hrubcik, Martin"]
[Result "0-1"]
[WhiteElo "2000"]
[BlackElo "2050"]
[PlyCount "93"]
[EventDate "2004.??.??"]
[EventType "corr"]
[EventRounds "2"]
[SourceDate "2005.03.12"]

1. e4 c6 2. d4 d5 3. e5 Bf5 4. Nc3 e6 5. g4 Bg6 6. Nge2 c5 7. h4 h6 8. h5 Bh7
9. Be3 Qb6 10. dxc5 Bxc5 11. Bxc5 Qxc5 12. Qd4 Qa5 13. O-O-O Nc6 14. Qf4 Rc8
15. g5 Nb4 16. g6 fxg6 17. a3 Na2+ 18. Kb1 Nxc3+ 19. Nxc3 g5 20. Qd2 Ne7 21. f4
Rxc3 22. Qxc3 Qxc3 23. bxc3 gxf4 24. Bb5+ Nc6 25. Rh4 O-O 26. c4 Be4 27. cxd5
exd5 28. e6 f3 29. Kb2 Ne7 30. Bd3 f2 31. Bf1 Nf5 32. Rh3 Rf6 33. Rd2 g5 34.
hxg6 Rxe6 35. Rh2 Kg7 36. a4 Kxg6 37. Be2 Re5 38. c3 Kg7 39. Kb3 b6 40. Bg4 Nd6
41. Rhxf2 Nf7 42. Bd1 Re7 43. c4 dxc4+ 44. Kxc4 Re6 45. Kb4 Ng5 46. Rc2 Bxc2
47. Bxc2 0-1

[Event "MCR_EM_CF11"]
[Site "?"]
[Date "2004.??.??"]
[Round "?"]
[White "Stastny, Pavel"]
[Black "Majstr, Jiri"]
[Result "1/2-1/2"]
[WhiteElo "2000"]
[BlackElo "2006"]
[PlyCount "75"]
[EventDate "2004.??.??"]
[EventType "corr"]
[EventRounds "2"]
[SourceDate "2005.03.12"]

1. e4 c6 2. d4 d5 3. e5 Bf5 4. Nc3 e6 5. g4 Bg6 6. Nge2 c5 7. h4 h6 8. h5 Bh7
9. Be3 Nc6 10. f4 c4 11. f5 exf5 12. Bg2 Bb4 13. a3 Bxc3+ 14. Nxc3 Nge7 15. O-O
Qd7 16. g5 hxg5 17. Bxg5 O-O-O 18. Qd2 Bg8 19. h6 Rh7 20. b4 f6 21. exf6 gxf6
22. Bxf6 Rf8 23. Bg5 Nd8 24. Rae1 Ne6 25. Bxe7 Qxe7 26. Qe3 Qh4 27. Nb5 Kb8 28.
Qe5+ Ka8 29. Re3 a6 30. Nd6 f4 31. b5 Nxd4 32. bxa6 Qxh6 33. Rh3 Qf6 34. axb7+
Kb8 35. Nxc4+ Qxe5 36. Nxe5 Rxh3 37. Bxh3 Kxb7 38. Rf2 1/2-1/2

[Event "MCR_EM_CF11"]
[Site "?"]
[Date "2004.??.??"]
[Round "?"]
[White "Stastny, Pavel"]
[Black "Omamik, Pavel"]
[Result "0-1"]
[WhiteElo "2000"]
[BlackElo "2000"]
[PlyCount "72"]
[EventDate "2004.??.??"]
[EventType "corr"]
[EventRounds "2"]
[SourceDate "2005.03.12"]

1. e4 c5 2. Nf3 Nc6 3. d4 cxd4 4. Nxd4 Nf6 5. Nc3 e5 6. Ndb5 d6 7. Bg5 a6 8.
Na3 b5 9. Bxf6 gxf6 10. Nd5 Bg7 11. Bd3 Ne7 12. Nxe7 Qxe7 13. c4 f5 14. O-O O-O
15. cxb5 d5 16. exd5 e4 17. Qe2 Qb4 18. Bc4 Qxb2 19. Nc2 axb5 20. Rab1 Qf6 21.
Rxb5 f4 22. Rfb1 Bf5 23. Rb7 Rac8 24. R1b4 Qc3 25. Ne1 f3 26. Qf1 e3 27. Nxf3
exf2+ 28. Kxf2 Bd4+ 29. Nxd4 Qxd4+ 30. Kg3 Rfe8 31. Qxf5 Re3+ 32. Qf3 Rxf3+ 33.
gxf3 Rxc4 34. Rxc4 Qxc4 35. d6 Qd3 36. d7 Qd6+ 0-1

[Event "MCR_EM_CF11"]
[Site "?"]
[Date "2004.??.??"]
[Round "?"]
[White "Stastny, Pavel"]
[Black "Tkac, Leopold"]
[Result "0-1"]
[WhiteElo "2000"]
[BlackElo "2093"]
[PlyCount "128"]
[EventDate "2004.??.??"]
[EventType "corr"]
[EventRounds "2"]
[SourceDate "2005.03.12"]

1. e4 c6 2. d4 d5 3. e5 Bf5 4. Nc3 Qb6 5. Nf3 e6 6. Be2 Nd7 7. Nh4 Be4 8. O-O
Be7 9. Nf3 Nh6 10. a4 Bxf3 11. Bxf3 Nf5 12. Ne2 Nh4 13. Bg4 a5 14. Nf4 c5 15.
Be3 Ng6 16. dxc5 Bxc5 17. Nxd5 Qc6 18. Bxc5 Qxc5 19. Nc3 Ndxe5 20. Qe2 O-O 21.
Bf3 Rad8 22. Bxb7 Rb8 23. Qa6 Qe7 24. Be4 f5 25. Bc6 Rxb2 26. Bb5 Qg5 27. Ne2
Nh4 28. g3 Nhf3+ 29. Kg2 Qh5 30. h3 Ng5 31. Ng1 f4 32. gxf4 Rxf4 33. Rad1 Rf8
34. f4 Rxc2+ 35. Be2 Ne4 36. Qxe6+ Kh8 37. Qxe5 Rxe2+ 38. Nxe2 Qxe2+ 39. Kh1
Qe3 40. Qxa5 Qxh3+ 41. Kg1 Ng3 42. Rd8 Ne2+ 43. Kf2 Qh4+ 44. Kxe2 Rxd8 45. Qf5
Qh2+ 46. Kf3 Qd2 47. Rf2 Qd1+ 48. Kg3 Qb3+ 49. Rf3 Qxa4 50. Rd3 Re8 51. Rd7
Qb3+ 52. Kg4 Qa2 53. Qf7 Qg2+ 54. Kh4 g5+ 55. Kh5 Qh3+ 56. Kxg5 Rg8+ 57. Kf6
Qh6+ 58. Ke5 Rf8 59. Qe7 Qxf4+ 60. Ke6 Qe3+ 61. Kd6 Qd3+ 62. Kc6 Qc3+ 63. Kb7
Qb3+ 64. Kc7 Qb8+ 0-1

[Event "MCR_EM_CF11"]
[Site "?"]
[Date "2004.??.??"]
[Round "?"]
[White "Stastny, Pavel"]
[Black "Trs, Jan"]
[Result "1-0"]
[WhiteElo "2000"]
[BlackElo "2145"]
[PlyCount "85"]
[EventDate "2004.??.??"]
[EventType "corr"]
[EventRounds "2"]
[SourceDate "2005.03.12"]

1. e4 c5 2. Nf3 d6 3. d4 cxd4 4. Nxd4 Nf6 5. Nc3 e6 6. g4 Nc6 7. g5 Nd7 8. Be3
a6 9. Qd2 Qc7 10. O-O-O Nxd4 11. Qxd4 b5 12. f4 Rb8 13. Bg2 b4 14. Ne2 e5 15.
Qd2 Nb6 16. b3 a5 17. f5 a4 18. Ng3 Nd7 19. Kb1 Bb7 20. Bf1 Qa5 21. Bc4 Nb6 22.
Bxb6 Qxb6 23. h4 Rc8 24. f6 gxf6 25. Nh5 f5 26. Nf6+ Kd8 27. Nd5 Qc5 28. exf5
h6 29. g6 fxg6 30. fxg6 Bg7 31. Rhf1 axb3 32. axb3 Bxd5 33. Qxd5 Qxd5 34. Rxd5
Rf8 35. Rxd6+ Kc7 36. Ra6 Rxf1+ 37. Bxf1 Rb8 38. Bg2 e4 39. Bxe4 Bd4 40. Rc6+
Kd7 41. Rc4 Be5 42. h5 Ke7 43. Kc1 1-0

[Event "MCR_EM_CF11"]
[Site "?"]
[Date "2004.??.??"]
[Round "?"]
[White "Tkac, Leopold"]
[Black "Glembek, Bohumir"]
[Result "1-0"]
[WhiteElo "2093"]
[BlackElo "2132"]
[PlyCount "73"]
[EventDate "2004.??.??"]
[EventType "corr"]
[EventRounds "2"]
[SourceDate "2005.03.12"]

1. c4 Nf6 2. Nc3 g6 3. d4 d5 4. Nf3 Bg7 5. cxd5 Nxd5 6. e4 Nxc3 7. bxc3 c5 8.
Rb1 cxd4 9. cxd4 Qa5+ 10. Bd2 Qxa2 11. Qc1 O-O 12. Bc4 Qa4 13. O-O a6 14. Bh6
Nd7 15. e5 Qc6 16. d5 Qc5 17. Be3 Qa5 18. Bd4 Qd8 19. e6 Nf6 20. exf7+ Kh8 21.
Rb6 Rxf7 22. Ne5 Rf8 23. Qc3 Qc7 24. Qg3 Qd8 25. Re1 Qe8 26. Qh4 Rb8 27. Nc6
bxc6 28. Rxb8 cxd5 29. Bxa6 Qa4 30. Bxf6 Qxh4 31. Bxh4 Bxa6 32. Rxf8+ Bxf8 33.
Bxe7 Bg7 34. Re6 Bc4 35. Bf6 Bxf6 36. Rxf6 Kg7 37. Rd6 1-0

[Event "MCR_EM_CF11"]
[Site "?"]
[Date "2004.??.??"]
[Round "?"]
[White "Tkac, Leopold"]
[Black "Hlavacek, Ladislav"]
[Result "0-1"]
[WhiteElo "2093"]
[BlackElo "2045"]
[PlyCount "26"]
[EventDate "2004.??.??"]
[EventType "corr"]
[EventRounds "2"]
[SourceDate "2005.03.12"]

1. Nf3 d5 2. d4 Nf6 3. c4 dxc4 4. e3 e6 5. Bxc4 a6 6. O-O c5 7. e4 b5 8. Bd3
Nc6 9. a4 b4 10. e5 Nd5 11. Nbd2 Bb7 12. a5 Rc8 13. Qe2 Nf4 0-1

[Event "MCR_EM_CF11"]
[Site "?"]
[Date "2004.??.??"]
[Round "?"]
[White "Tkac, Leopold"]
[Black "Hrubcik, Martin"]
[Result "1/2-1/2"]
[WhiteElo "2093"]
[BlackElo "2050"]
[PlyCount "92"]
[EventDate "2004.??.??"]
[EventType "corr"]
[EventRounds "2"]
[SourceDate "2005.03.12"]

1. c4 c6 2. Nf3 d5 3. d4 Nf6 4. Nc3 e6 5. e3 Nbd7 6. Bd3 dxc4 7. Bxc4 b5 8. Bd3
Bb7 9. O-O a6 10. e4 c5 11. d5 Qc7 12. dxe6 fxe6 13. Re1 c4 14. e5 O-O-O 15.
Bd2 Ng4 16. Be4 Bc5 17. Bxb7+ Kxb7 18. Ne4 Ndxe5 19. Qe2 Nd3 20. Nxc5+ Qxc5 21.
Qe4+ Kb8 22. Be3 Nxe3 23. Rxe3 Nxb2 24. Qh4 Nd3 25. Rxe6 Rd6 26. Rxd6 Qxd6 27.
a4 Qf6 28. Qg3+ Ka8 29. Rb1 Qg6 30. axb5 Qxg3 31. hxg3 a5 32. Nd4 Ka7 33. b6+
Kb7 34. Nb5 Kxb6 35. Na3+ Kc5 36. Rb5+ Kd4 37. Rxa5 Kc3 38. Ra7 Kb3 39. Nb1 Kb2
40. Rb7+ Kc1 41. Na3 c3 42. Rc7 Kb2 43. Nc4+ Kb3 44. Ne3 Re8 45. Rb7+ Ka2 46.
Rxg7 Rxe3 1/2-1/2

[Event "MCR_EM_CF11"]
[Site "?"]
[Date "2004.??.??"]
[Round "?"]
[White "Tkac, Leopold"]
[Black "Majstr, Jiri"]
[Result "1/2-1/2"]
[WhiteElo "2093"]
[BlackElo "2006"]
[PlyCount "76"]
[EventDate "2004.??.??"]
[EventType "corr"]
[EventRounds "2"]
[SourceDate "2005.03.12"]

1. c4 e5 2. Nc3 Nf6 3. Nf3 Nc6 4. e3 Bb4 5. d4 exd4 6. exd4 d5 7. Be2 dxc4 8.
Bxc4 O-O 9. O-O Bg4 10. Bg5 h6 11. Be3 Qd7 12. h3 Bh5 13. Be2 Rad8 14. Qb3 Rfe8
15. Ne5 Nxe5 16. Bxh5 Nxh5 17. dxe5 Bxc3 18. Qxc3 f5 19. Qc4+ Qe6 20. Qxe6+
Rxe6 21. g4 fxg4 22. hxg4 Rg6 23. f3 Rf8 24. Rac1 c6 25. Rcd1 Nf4 26. Rd7 b6
27. Bxf4 Rxf4 28. Rxa7 Re6 29. Rb7 Rb4 30. b3 Rxe5 31. Rd1 Re6 32. Rdd7 Rg6 33.
Kf2 c5 34. Ke3 Kh7 35. Kf2 Kg8 36. Ke3 Kh7 37. Rbc7 Re6+ 38. Kd3 Rg6 1/2-1/2

[Event "MCR_EM_CF11"]
[Site "?"]
[Date "2004.??.??"]
[Round "?"]
[White "Tkac, Leopold"]
[Black "Omamik, Pavel"]
[Result "1/2-1/2"]
[WhiteElo "2093"]
[BlackElo "2000"]
[PlyCount "70"]
[EventDate "2004.??.??"]
[EventType "corr"]
[EventRounds "2"]
[SourceDate "2005.03.12"]

1. c4 Nf6 2. d4 g6 3. Nc3 Bg7 4. e4 d6 5. f3 O-O 6. Bd3 e5 7. Nge2 exd4 8. Nxd4
Nh5 9. Be3 Qh4+ 10. Kd2 Bxd4 11. Bxd4 Qg5+ 12. Be3 Qxg2+ 13. Qe2 Qxe2+ 14. Kxe2
f5 15. c5 fxe4 16. fxe4 Nc6 17. Raf1 Bg4+ 18. Kd2 Ne5 19. Rxf8+ Kxf8 20. cxd6
cxd6 21. Bh6+ Kg8 22. Rf1 a6 23. Rf2 Be6 24. Be2 Ng7 25. Rf6 Re8 26. a3 Nd7 27.
Rf3 Nb6 28. Rf6 Nd7 29. Rf3 Nc5 30. Rf6 Nb3+ 31. Ke1 b5 32. Bf4 Rd8 33. Be3 Rf8
34. Rxf8+ Kxf8 35. a4 bxa4 1/2-1/2

[Event "MCR_EM_CF11"]
[Site "?"]
[Date "2004.??.??"]
[Round "?"]
[White "Tkac, Leopold"]
[Black "Stastny, Pavel"]
[Result "1/2-1/2"]
[WhiteElo "2093"]
[BlackElo "2000"]
[PlyCount "44"]
[EventDate "2004.??.??"]
[EventType "corr"]
[EventRounds "2"]
[SourceDate "2005.03.12"]

1. c4 e5 2. g3 Nf6 3. Bg2 c6 4. d4 Bb4+ 5. Bd2 Bxd2+ 6. Qxd2 d6 7. Nc3 O-O 8.
Rd1 Nbd7 9. Nh3 Nb6 10. b3 e4 11. Nf4 Bf5 12. O-O Re8 13. a4 a5 14. h3 h5 15.
Rc1 Qe7 16. Kh2 e3 17. fxe3 Qxe3 18. Qxe3 Rxe3 19. Rf3 Rae8 20. Rxe3 Rxe3 21.
Bf3 g6 22. Kg2 Kg7 1/2-1/2

[Event "MCR_EM_CF11"]
[Site "?"]
[Date "2004.??.??"]
[Round "?"]
[White "Tkac, Leopold"]
[Black "Trs, Jan"]
[Result "0-1"]
[WhiteElo "2093"]
[BlackElo "2145"]
[PlyCount "68"]
[EventDate "2004.??.??"]
[EventType "corr"]
[EventRounds "2"]
[SourceDate "2005.03.12"]

1. c4 e5 2. Nc3 Nf6 3. Nf3 Nc6 4. a3 d5 5. cxd5 Nxd5 6. e4 Nde7 7. d4 exd4 8.
Nb5 a6 9. Nbxd4 Nxd4 10. Qxd4 Qxd4 11. Nxd4 c5 12. Ne2 f5 13. Be3 fxe4 14. Bxc5
Nf5 15. Bb6 h5 16. Nc3 Rh6 17. Nd5 Kf7 18. Bc4 Be6 19. Nc7 Bxc4 20. Nxa8 Nh4
21. Rg1 Rg6 22. O-O-O Bd3 23. Kd2 Bd6 24. Bc7 Be7 25. Bb6 Nxg2 26. b4 Bg5+ 27.
Be3 Nxe3 28. fxe3 Bb5 29. Nc7 Rd6+ 30. Kc3 Bf6+ 31. Kb3 Bd3 32. a4 g5 33. b5 g4
34. Rge1 Be5 0-1

[Event "MCR_EM_CF11"]
[Site "?"]
[Date "2004.??.??"]
[Round "?"]
[White "Trs, Jan"]
[Black "Glembek, Bohumir"]
[Result "1/2-1/2"]
[WhiteElo "2145"]
[BlackElo "2132"]
[PlyCount "52"]
[EventDate "2004.??.??"]
[EventType "corr"]
[EventRounds "2"]
[SourceDate "2005.03.12"]

1. c4 Nf6 2. d4 g6 3. Nc3 d5 4. Nf3 Bg7 5. Bf4 O-O 6. e3 c5 7. dxc5 Ne4 8. Rc1
Nxc3 9. bxc3 dxc4 10. Qxd8 Rxd8 11. Bxc4 Nd7 12. Rd1 Rf8 13. Bg5 Nf6 14. Rb1
Rd8 15. Rb3 Bg4 16. Nd4 Rac8 17. Bxf6 Bxf6 18. Be2 Bxe2 19. Kxe2 Rxc5 20. Rd1
b6 21. Nb5 Rxd1 22. Kxd1 a6 23. Nd4 Rg5 24. g3 Ra5 25. a3 Kg7 26. f4 e5 1/2-1/2

[Event "MCR_EM_CF11"]
[Site "?"]
[Date "2004.??.??"]
[Round "?"]
[White "Trs, Jan"]
[Black "Hlavacek, Ladislav"]
[Result "1/2-1/2"]
[WhiteElo "2145"]
[BlackElo "2045"]
[PlyCount "66"]
[EventDate "2004.??.??"]
[EventType "corr"]
[EventRounds "2"]
[SourceDate "2005.03.12"]

1. d4 Nf6 2. c4 e6 3. Nf3 d5 4. Nc3 c6 5. e3 Nbd7 6. Bd3 Bd6 7. Qc2 O-O 8. O-O
h6 9. b3 b6 10. Bb2 Ba6 11. Rfc1 Re8 12. Ne2 Bb7 13. cxd5 cxd5 14. Ng3 Rc8 15.
Qe2 Rxc1+ 16. Rxc1 Qb8 17. a3 Rc8 18. Rxc8+ Qxc8 19. Ne5 a5 20. Nh5 Bxe5 21.
dxe5 Nxh5 22. Qxh5 Nc5 23. Qd1 Nxd3 24. Qxd3 Ba6 25. Qd1 Qc5 26. h3 Kf8 27. b4
Qc4 28. Qa1 a4 29. Bd4 b5 30. Bc5+ Kg8 31. Bd6 Kh7 32. Qb1+ Kg8 33. Qb2 Bb7
1/2-1/2

[Event "MCR_EM_CF11"]
[Site "?"]
[Date "2004.??.??"]
[Round "?"]
[White "Trs, Jan"]
[Black "Hrubcik, Martin"]
[Result "1/2-1/2"]
[WhiteElo "2145"]
[BlackElo "2050"]
[PlyCount "150"]
[EventDate "2004.??.??"]
[EventType "corr"]
[EventRounds "2"]
[SourceDate "2005.03.12"]

1. c4 c6 2. d4 d5 3. Nf3 Nf6 4. Nc3 e6 5. e3 Nbd7 6. Bd3 dxc4 7. Bxc4 b5 8. Bd3
Bb7 9. O-O a6 10. e4 c5 11. d5 Qc7 12. dxe6 fxe6 13. Bc2 Bd6 14. Ng5 Nf8 15. f4
Rd8 16. Qf3 c4 17. Be3 Bc5 18. Bxc5 Qxc5+ 19. Kh1 h6 20. Qh3 Rd2 21. Rac1 Ng4
22. Qh5+ g6 23. Qxg4 hxg5 24. Qg3 Qd6 25. Qxg5 Qe7 26. Qg3 Qh4 27. Kg1 Qxg3 28.
hxg3 g5 29. Rfd1 Rxd1+ 30. Rxd1 Nd7 31. Rd6 Nc5 32. Ne2 Kf7 33. e5 Be4 34. Bxe4
Nxe4 35. Rd7+ Kg6 36. Rd4 Nc5 37. Rd6 Rc8 38. Nd4 Kh5 39. f5 exf5 40. Nxf5 g4
41. e6 Kg5 42. e7 Nb7 43. Rxa6 Kxf5 44. Rb6 Na5 45. Rxb5+ Ke6 46. Rxa5 Kxe7 47.
Rg5 Rb8 48. Rxg4 Rxb2 49. Rxc4 Rxa2 50. Rf4 Kd6 51. Kh2 Ra8 52. g4 Ke5 53. Kg3
Rg8 54. Rf5+ Ke6 55. Kf4 Rc8 56. Kg5 Rg8+ 57. Kh6 Rxg4 58. Rg5 Rh4+ 59. Kg6 Rh8
60. Kg7 Rh2 61. g3 Rh3 62. g4 Rh4 63. Kg6 Rh8 64. Rf5 Rg8+ 65. Kh5 Rh8+ 66. Kg5
Rg8+ 67. Kh4 Rh8+ 68. Rh5 Rd8 69. Rh6+ Kf7 70. Kh5 Rd5+ 71. g5 Kg7 72. Rc6 Rd7
73. Re6 Kf7 74. Ra6 Kg7 75. Rg6+ Kh8 1/2-1/2

[Event "MCR_EM_CF11"]
[Site "?"]
[Date "2004.??.??"]
[Round "?"]
[White "Trs, Jan"]
[Black "Majstr, Jiri"]
[Result "1-0"]
[WhiteElo "2145"]
[BlackElo "2006"]
[PlyCount "63"]
[EventDate "2004.??.??"]
[EventType "corr"]
[EventRounds "2"]
[SourceDate "2005.03.12"]

1. c4 e5 2. Nc3 Nf6 3. Nf3 Nc6 4. g3 d5 5. cxd5 Nxd5 6. Bg2 Nxc3 7. bxc3 e4 8.
Ng1 f5 9. Nh3 Bd6 10. O-O Be6 11. d3 Qf6 12. Rb1 Rb8 13. Qc2 O-O 14. dxe4 Bd7
15. exf5 Qxf5 16. Qxf5 Bxf5 17. Rb2 Ne5 18. f4 Bc5+ 19. Kh1 Nf7 20. e4 Be6 21.
Re1 b6 22. f5 Bd7 23. Bf4 Rbe8 24. g4 Bd6 25. Bxd6 cxd6 26. Nf4 g5 27. Nh5 Rd8
28. Rd2 Bc6 29. h3 Ne5 30. Rd4 Be8 31. Red1 Ba4 32. Rxa4 1-0

[Event "MCR_EM_CF11"]
[Site "?"]
[Date "2004.??.??"]
[Round "?"]
[White "Trs, Jan"]
[Black "Omamik, Pavel"]
[Result "1-0"]
[WhiteElo "2145"]
[BlackElo "2000"]
[PlyCount "61"]
[EventDate "2004.??.??"]
[EventType "corr"]
[EventRounds "2"]
[SourceDate "2005.03.12"]

1. e4 c5 2. Nf3 Nc6 3. d4 cxd4 4. Nxd4 Nf6 5. Nc3 e5 6. Ndb5 d6 7. Bg5 a6 8.
Na3 b5 9. Bxf6 gxf6 10. Nd5 Bg7 11. Bd3 Ne7 12. Nxe7 Qxe7 13. c4 f5 14. O-O O-O
15. Qh5 Rb8 16. exf5 e4 17. Rae1 Bb7 18. Qg4 Rfe8 19. cxb5 d5 20. bxa6 Bc6 21.
f3 h5 22. Qg3 Kf8 23. f6 Bxf6 24. fxe4 dxe4 25. Qf4 Bg5 26. Qf2 e3 27. Qc2 Ba8
28. Nc4 Rbc8 29. Qe2 Rc6 30. Rf5 Bf6 31. Qxh5 1-0